Statistics for Top 10 Current International NBA Players

Click here to take the quiz!

General Stats

  • This quiz has been taken 52 times
    (39 since last reset)
  • The average score is 5 of 10

Answer Stats

RankPlayer% Correct
1Giannis Antetokounmpo
74%
7Nikola Jokic
74%
2Joel Embiid
67%
3Kristaps Porzingis
63%
4Marc Gasol
59%
5Rudy Gobert
52%
9Andrew Wiggins
44%
6Al Horford
33%
10Goran Dragic
22%
8Nicolas Batum
19%

Score Distribution

Percentile by Number Answered

Percent of People with Each Score

Your Score History

You have not taken this quiz since the last reset